000 00602nam a2200241 a 4500
001 nice12345678
003 IN_TiNIC
005 20260116011826.0
008 050524s1908 teha grp 000 0 per
020 _a
_c100
082 0 0 _a891.53
_bQIZ
100 _aQizobani Mohammad Bin, Abdul Wahab
245 _aKitab Marzaban Namah
260 _aTehran
_bNo Publisher
_c1908
300 _a313p
500 _aincludes index and biblioraphy
505 2 _aIndex
650 _aPersian Literature
700 1 _aQizobani Mohammad Bin, Abdul Wahab
902 _bSRS
942 _cBK
999 _c4233
_d4233